| 000 | 00561nam a2200229Ia 4500 | ||
|---|---|---|---|
| 999 |
_c4469 _d4469 |
||
| 003 | 0100 | ||
| 008 | 130227s9999 xx 000 0 und d | ||
| 020 | _a1844650596 | ||
| 040 | _cARRUPELIB | ||
| 050 | _aB816.M613 2006 | ||
| 100 |
_aMeyers, Robert G. _933760 |
||
| 245 | _aUnderstanding empiricism | ||
| 260 |
_bAcumen _aChesham, UK _c2006 |
||
| 300 | _aviii | ||
| 300 | _b 183p 22cm | ||
| 440 |
_aUnderstanding movements in modern thought _95557 |
||
| 650 |
_aEmpiricism _92894 |
||
| 942 |
_2lcc _03 _cMONOGRAPH |
||